000 00307nam a22001337a 4500
008 170815b xxu||||| |||| 00| 0 eng d
020 _a696936398870
041 _aeng
080 _a51
100 _a36
101 _aMAT
245 _aCONTEMPORARY MATHEMATICS IN CONTEXT
_cCOXFORD.A.E
942 _2udc
_cBK
999 _c23469
_d23469